| 000 | 00493nam a2200157 4500 | ||
|---|---|---|---|
| 008 | 160323b xxu||||| |||| 00| 0 eng d | ||
| 082 |
_22011 _aDC 234.23 _bOk41 |
||
| 100 |
_94332 _aOkawa, Ryuho |
||
| 245 |
_aThe laws of salvation: _bfaith and the future society/ _cRyuho Okawa. |
||
| 250 | _a2nd Edition | ||
| 260 |
_aJapan: _bHappy Science, _cc2011. |
||
| 300 |
_a180 pages; _c19 cm. |
||
| 650 | 0 |
_94333 _aSalvation _xFaith |
|
| 650 | 0 |
_94335 _aSalvation _xSpiritual life |
|
| 942 |
_2ddc _cDC |
||
| 999 |
_c1429 _d1429 |
||